LIBRARY & INFORMATION CENTRE, KCAET, TAVANUR

ONLINE PUBLIC ACCESS CATALOGUE (OPAC)

Elements of Bridge Engineering / (Record no. 1384)

MARC details
000 -LEADER
fixed length control field 00379cam a2200157ua 4500
003 - CONTROL NUMBER IDENTIFIER
control field OSt
008 - FIXED-LENGTH DATA ELEMENTS--GENERAL INFORMATION
fixed length control field 250802b |||||||| |||| 00| 0 eng d
041 ## - LANGUAGE CODE
Language code of text/sound track or separate title eng
082 ## - DEWEY DECIMAL CLASSIFICATION NUMBER
Classification number 624.2
Item number ALA/EL
100 ## - MAIN ENTRY--AUTHOR NAME
Personal name Alagia, J.S .
245 ## - TITLE STATEMENT
Title Elements of Bridge Engineering /
250 ## - EDITION STATEMENT
Edition statement 5 /
260 ## - PUBLICATION, DISTRIBUTION, ETC. (IMPRINT)
Place of publication Tulsi :
Name of publisher Charotar book stall ,
Year of publication 1965.
300 ## - PHYSICAL DESCRIPTION
Number of Pages 208 ; .
942 ## - ADDED ENTRY ELEMENTS (KOHA)
Koha item type Books
Holdings
Withdrawn status Lost status Damaged status Home library Current library Date acquired Full call number Accession Number Koha item type
      KAUAET KAUAET 07/04/2012 624.2 ALA/EL 12227 Books
      KAUAET KAUAET 07/04/2012 624.2 ALA/EL 2536 Books
      KAUAET KAUAET 07/04/2012 624.2 ALA/EL 12845 Books
      KAUAET KAUAET 19/01/2021 624.2 ALA/EL 2535 Books
free website counter